00609nam a2200205Ia 4500008004100000040001400041082002200055100002600077245002500103260003400128300001100162365002800173366000800201505002200209530004000231620005500271630002500326650002700351730002500378100315s9999 xx 000 0 und d cENGLISH  b11058 a657.48  a"MURTHY, GURUPRASAD " aFinancial Accounting aMUMBAI bHIMALAYA  c2009  a487   eRupees d1 b375.00  f0  gVaibhav Gaikwad  bDonated By Dr. Guruprasad Murthy   a"Financial Accounting, Book Keeping, Tax, Funds " aFinancial Accounting aFINANCIAL ACCOUNTING  aFinancial Accounting